000 00318nam a22001217a 4500
040 _cHS
082 _a338
100 _aផេង សុខាំ
245 _aការត្រួតពិនិត្យសាច់សត្វ
260 _aCambodia
_bផេង សុខាំ
_c2000
300 _a28p;
942 _cKB
999 _c9870
_d9870